Badly Drawn Football Logos 2 - Statistics

General Stats
  • This quiz has been taken 28 times
  • The average score is 15 of 20
Answer Stats
Picture Answer % Correct
Ajax
100%
Borussia Dortmund
100%
Wolverhampton Wanderers
100%
1. FC Koln
95%
Atalanta
95%
Galatasaray
95%
Club Brugge
91%
LA Galaxy
91%
Nottingham Forest
91%
Shakhtar Donetsk
86%
Beşiktaş
82%
Espanyol
82%
Udinese
77%
FC Andorra
55%
Sao Paulo
55%
FC Cincinnati
50%
Union Saint-Gilloise
50%
Go Ahead Eagles
45%
Newell's Old Boys
41%
Wydad Casablanca
18%
No matching quizzes found
Score Distribution
Percent of People with Each Score
Percentile by Number Answered
Your Score History
You have not taken this quiz